000 00836nam a2200229 i 4500
001 189598
003 ES-MaACL
005 20230906223518.0
007 t|
008 190625s1955 sp r ||||1| spa d
100 0 _aYagüe Gil, Angel.
_9117537
245 1 3 _aLa gayuba como material curtiente /
_cpor Angel Yagüe Gil y José Torner Ochoa.
260 _aMadrid :
_bInstituto Forestal de Investigaciones y Experiencias,
_c1955.
300 _a32 p., [2] h. de lám. ;
_c24 cm.
490 1 _aInstituto Forestal de Investigaciones y Experiencias ;
_vAño XXVI nº 74
650 4 _aGayube.
_9167413
650 4 _aCurtido.
_9167412
700 0 _aTorner Ochoa, Jorge.
_9110667
830 0 _aInstituto Forestal de Investigaciones y Experiencias ;
_vAño XXVI nº 74
_9181435
852 _aES-MaACL
_jP-569-Bis-61
999 _c189598
_d189598